00195nam a2200085Ia 4500008004100000041000800041100001300049245002100062260002600083231212s2003 xx 000 0 und d aeng aSen P.C. aPower Electronic aBombaybTata Mcc2003